Score 0/20 Timer 05:00
6 Plays Today
Hint Answer % Correct
Tom Hanks
92.6%
Cameron Diaz
89.3%
Leonardo DiCaprio
88.6%
Anne Hathaway
85.5%
Nicolas Cage
85.1%
Johnny Depp
84.2%
Clint Eastwood
83%
Jennifer Aniston
81.9%
Jennifer Lawrence
77.2%
Benedict Cumberbatch
74.6%
Hint Answer % Correct
Matt Damon
71.4%
Julianne Moore
70.2%
Emma Stone
65.4%
Zac Efron
65.1%
Mark Hamill
64%
Diane Keaton
61.3%
Sarah Michelle Gellar
59.5%
Kathy Bates
57.9%
Emma Thompson
48.3%
Michael Clarke Duncan
45.8%

You're not logged in!

Compare scores with friends on all Sporcle quizzes.
OR
Log In

Sporcle TV

Today on Sporcle TV


Watch our educational content, quiz creation guides, and fun videos on Sporcle TV.

Show Comments

Extras

Top Quizzes Today


Score Distribution

Your Account Isn't Verified!

In order to create a playlist on Sporcle, you need to verify the email address you used during registration. Go to your Sporcle Settings to finish the process.

Report this User

Report this user for behavior that violates our Community Guidelines.

Details: